000 00399nmm a2200145Ia 4500
008 251105s9999||||xx |||||||||||||||||und||
041 _acat
100 _aMasot, Nuria
245 0 _aEl sepulcre del corb
264 _a[Madrid, España] :
_bEdiciones B,
_c2014
300 _a360 páginas
650 _aHistorical fiction
856 _uhttps://public.digitaliapublishing.com/a/53139
942 _cCF
999 _c105094
_d105094